000
00301nam a2200145Ia 4500
100
_a
Smirnov/L
650
_a
Electrical Engineering
942
_c
BK
654
_a
Cable
245
_a
Cable Installation
260
_b
Mir Publishers
_c
1968
082
_a
621.3
300
_a
491
546
_a
ENGLISH
999
_c
28650
_d
28650